000 00338nam a2200109Ia 4500
008 200302s9999 xx 000 0 und d
100 _aIan Simpson, Principal
245 _aPractical Art School 12 Lessons in Painting, Drawing & Sketching
260 _bC. L. B. an Imprint of Quadrillion Publishing Ltd.
260 _c1999
300 _a512 P.,
999 _c1640
_d1640